Still a Better Love Story Than Twilight? Quiz Stats

 Plays Quiz Updated Feb 28, 2015

Also try: AFI Top 100
Challenge
Share
Tweet
Embed
Score 0/24 Timer 04:00
0 Plays Today
Movie (B)etter or (W)orse than Twilight % Correct
Pretty Woman???
93.3%
Beauty and the Beast???
92.5%
Grease???
90.8%
Dirty Dancing???
90.8%
Casablanca???
87.4%
Ghost???
86.5%
When Harry Met Sally???
86.1%
Notting Hill???
85.3%
Top Gun???
82.7%
The Graduate???
81.5%
An Officer and a Gentleman???
79%
50 Shades of Grey???
77.2%
Movie (B)etter or (W)orse than Twilight % Correct
Gigli???
74%
Failure to Launch???
67.2%
10 Things I Hate About You???
66.9%
Nine Months???
61.3%
The Wedding Planner???
54%
How to Lose a Guy in 10 Days???
52.4%
The Proposal???
47.1%
50 First Dates???
46.4%
P.S.: I Love You???
44.4%
The Bodyguard???
35.3%
Sweet Home Alabama???
34.4%
A Walk to Remember???
32%

You're not logged in!

Compare scores with friends on all Sporcle quizzes.
OR
Log In

You Might Also Like...

Show Comments

Extras

Top Quizzes Today


Score Distribution

Your Account Isn't Verified!

In order to create a playlist on Sporcle, you need to verify the email address you used during registration. Go to your Sporcle Settings to finish the process.

Report this User

Report this user for behavior that violates our Community Guidelines.

Details: